[Event "Oberliga NRW 1516"]
[Site "Germany"]
[Date "2016.02.14"]
[Round "6.8"]
[White "Holtel, Jasper"]
[Black "Oswald, Hans Joachim"]
[Result "1/2-1/2"]
[WhiteElo "2236"]
[BlackElo "2194"]
[PlyCount "39"]
[EventDate "2015.09.27"]
[EventType "team-tourn"]
[EventRounds "9"]
[EventCountry "GER"]
[SourceTitle "EXT 2017"]
[Source "ChessBase"]
[SourceDate "2016.10.25"]
[SourceVersion "1"]
[SourceVersionDate "2016.10.25"]
[SourceQuality "1"]
[WhiteTeam "Muenster"]
[BlackTeam "Letmathe"]
[WhiteTeamCountry "GER"]
[BlackTeamCountry "GER"]

1. e4 d5 2. exd5 Nf6 3. d4 Nxd5 4. Nf3 g6 5. c4 Nb6 6. a4 a5 7. c5 Nd5 8. Bc4 Bg7 9. Qb3 c6 10. Nc3 0-0 11. Nxd5 cxd5 12. Bxd5 Nc6 13. 0-0 Bg4 14. Be3 Rb8 15. Ng5 e6 16. Bf3 Nxd4 17. Bxd4 Qxd4 18. Rad1 Qxc5 19. Ne4 Qe5 20. Rd7 1/2-1/2

[Event "NRW Class2 1314"]
[Site "Germany"]
[Date "2014.04.27"]
[Round "9.2"]
[White "Oswald, Hans Joachim"]
[Black "Karger, Frank"]
[Result "1/2-1/2"]
[WhiteElo "2190"]
[BlackElo "2231"]
[PlyCount "35"]
[EventDate "2013.09.15"]
[EventType "team-tourn"]
[EventRounds "9"]
[EventCountry "GER"]
[SourceTitle "EXT 2015"]
[Source "ChessBase"]
[SourceDate "2014.11.20"]
[SourceVersion "1"]
[SourceVersionDate "2014.11.20"]
[SourceQuality "1"]
[WhiteTeam "Letmathe"]
[BlackTeam "Dortmund Hansa II"]
[WhiteTeamCountry "GER"]
[BlackTeamCountry "GER"]

1. Nf3 Nf6 2. c4 c5 3. g3 b6 4. Bg2 Bb7 5. 0-0 e6 6. Nc3 a6 7. Re1 d6 8. e4 Be7 9. d4 cxd4 10. Nxd4 Qc7 11. Be3 Nbd7 12. Rc1 0-0 13. f4 Rfe8 14. f5 Nf8 15. g4 h6 16. g5 hxg5 17. Bxg5 N6d7 18. Bxe7 1/2-1/2

[Event "NRW Class2 1314"]
[Site "Germany"]
[Date "2014.03.09"]
[Round "7.4"]
[White "Neumair, Jerome"]
[Black "Oswald, Hans Joachim"]
[Result "1/2-1/2"]
[WhiteElo "2107"]
[BlackElo "2190"]
[PlyCount "73"]
[EventDate "2013.09.15"]
[EventType "team-tourn"]
[EventRounds "9"]
[EventCountry "GER"]
[SourceTitle "EXT 2015"]
[Source "ChessBase"]
[SourceDate "2014.11.20"]
[SourceVersion "1"]
[SourceVersionDate "2014.11.20"]
[SourceQuality "1"]
[WhiteTeam "Solingen III"]
[BlackTeam "Letmathe"]
[WhiteTeamCountry "GER"]
[BlackTeamCountry "GER"]

1. d4 Nf6 2. c4 c5 3. d5 b5 4. cxb5 a6 5. bxa6 g6 6. Nc3 Bxa6 7. e4 Bxf1 8. Kxf1 d6 9. g3 Bg7 10. Kg2 0-0 11. Nf3 Nbd7 12. Re1 Qa5 13. Qc2 Rfb8 14. Bd2 Ng4 15. h3 Nge5 16. Nxe5 Nxe5 17. b3 Qa6 18. Re3 Nd7 19. Rb1 Bd4 20. Ree1 Ne5 21. a4 Nd3 22. Rf1 Nb4 23. Qd1 Qd3 24. Qe2 Bxc3 25. Qxd3 Nxd3 26. Bxc3 Rb7 27. Rfd1 Nb4 28. Rb2 Rab8 29. f4 Na6 30. Rdb1 f5 31. Kf3 Kf7 32. g4 fxe4+ 33. Kxe4 Nb4 34. Rd1 Na6 35. Rdb1 Nb4 36. Rd1 Na6 37. Rdb1 1/2-1/2

[Event "NRW Class2 1314"]
[Site "Germany"]
[Date "2013.12.08"]
[Round "4.4"]
[White "Oswald, Hans Joachim"]
[Black "Bouaraba, Max"]
[Result "0-1"]
[WhiteElo "2190"]
[BlackElo "2156"]
[PlyCount "134"]
[EventDate "2013.09.15"]
[EventType "team-tourn"]
[EventRounds "9"]
[EventCountry "GER"]
[SourceTitle "EXT 2015"]
[Source "ChessBase"]
[SourceDate "2014.11.20"]
[SourceVersion "1"]
[SourceVersionDate "2014.11.20"]
[SourceQuality "1"]
[WhiteTeam "Letmathe"]
[BlackTeam "Plettenberg"]
[WhiteTeamCountry "GER"]
[BlackTeamCountry "GER"]

1. Nf3 d5 2. d4 Nf6 3. Bg5 Ne4 4. Bf4 e6 5. e3 g5 6. Be5 f6 7. Bg3 h5 8. h3 Nxg3 9. fxg3 Bd6 10. Kf2 Nd7 11. Bd3 f5 12. g4 Nf6 13. gxf5 exf5 14. Nxg5 Ne4+ 15. Bxe4 fxe4 16. h4 Bg4 17. Qe1 0-0+ 18. Kg1 c6 19. Nc3 Qc7 20. Ne2 Rf6 21. Nh3 Raf8 22. Nhf4 Bxf4 23. Nxf4 Rxf4 24. exf4 Qxf4 25. g3 Qh6 26. a4 e3 27. Rh2 Qe6 28. Re2 Re8 29. Ra3 Bxe2 30. Qxe2 Qe4 31. Rd3 Kg7 32. Kh2 Kg6 33. Kg1 Re6 34. a5 b6 35. axb6 axb6 36. b4 Kg7 37. Kh2 Kh6 38. Kg1 Kg6 39. Kh2 Qg4 40. Qxg4+ hxg4 41. Rd1 Rf6 42. Re1 Rf2+ 43. Kg1 Rf3 44. Kg2 Rf2+ 45. Kg1 Rxc2 46. Rxe3 Rc4 47. b5 cxb5 48. Re6+ Kf7 49. Rxb6 b4 50. h5 Kg7 51. Kf2 Rxd4 52. Ke3 Re4+ 53. Kd3 Rc4 54. Rb5 Rc3+ 55. Kd4 Rxg3 56. Kxd5 Kh6 57. Ke4 Rf3 58. Rxb4 Kxh5 59. Rb1 Kh4 60. Rh1+ Kg3 61. Rg1+ Kh3 62. Rh1+ Kg2 63. Rh8 g3 64. Ra8 Rf7 65. Ke3 Kg1 66. Ke2 g2 67. Ke3 Rh7 0-1

[Event "NRW Class1 1213"]
[Site "Germany"]
[Date "2012.10.21"]
[Round "2.3"]
[White "Kitte, Sebastian"]
[Black "Oswald, Hans Joachim"]
[Result "1/2-1/2"]
[WhiteElo "2244"]
[BlackElo "2210"]
[PlyCount "37"]
[EventDate "2012.09.16"]
[EventType "team-tourn"]
[EventRounds "9"]
[EventCountry "GER"]
[SourceTitle "EXT 2017"]
[Source "ChessBase"]
[SourceDate "2016.10.25"]
[SourceVersion "1"]
[SourceVersionDate "2016.10.25"]
[SourceQuality "1"]
[WhiteTeam "Bochum II"]
[BlackTeam "Letmathe"]
[WhiteTeamCountry "GER"]
[BlackTeamCountry "GER"]

1. d4 Nf6 2. c4 c5 3. d5 b5 4. cxb5 a6 5. bxa6 g6 6. Nc3 Bxa6 7. Nf3 d6 8. g3 Nbd7 9. Rb1 Bg7 10. Bg2 Nb6 11. b3 Bb7 12. Nh4 0-0 13. 0-0 Ne8 14. Qc2 Nc7 15. e4 Qd7 16. a4 Na6 17. Nb5 Nb4 18. Qe2 Ba6 19. Bb2 1/2-1/2

[Event "NRW Class1 1011"]
[Site "Germany"]
[Date "2011.01.30"]
[Round "6.2"]
[White "Matthias, Heiner"]
[Black "Oswald, Hans Joachim"]
[Result "1/2-1/2"]
[WhiteElo "2389"]
[BlackElo "2295"]
[PlyCount "88"]
[EventDate "2010.09.26"]
[EventType "team-tourn"]
[EventRounds "9"]
[EventCountry "GER"]
[SourceTitle "EXT 2012"]
[Source "ChessBase"]
[SourceDate "2011.11.24"]
[SourceVersion "1"]
[SourceVersionDate "2011.11.24"]
[SourceQuality "1"]
[WhiteTeam "Lippstadt Turm"]
[BlackTeam "Letmathe"]
[WhiteTeamCountry "GER"]
[BlackTeamCountry "GER"]

1. e4 g6 2. d4 Bg7 3. Nc3 d6 4. Be3 a6 5. Qd2 b5 6. f3 Nd7 7. a4 b4 8. Nd1 Rb8 9. Ne2 e5 10. Nf2 Ne7 11. Bh6 Bxh6 12. Qxh6 Ng8 13. Qd2 Qe7 14. b3 Ngf6 15. 0-0-0 0-0 16. Kb1 exd4 17. Qxd4 Bb7 18. Nf4 Qe5 19. Qxe5 Nxe5 20. N2d3 Nxd3 21. Bxd3 Rfe8 22. Kb2 g5 23. Nh3 Re5 24. Nf2 Kg7 25. h4 h6 26. hxg5 hxg5 27. Bc4 a5 28. Nd3 Re7 29. Nc1 Re5 30. Nd3 Re7 31. Rhe1 Nd7 32. Nf2 Ne5 33. Bb5 Rh8 34. Nh1 Rh2 35. Ng3 Bc8 36. Bf1 Be6 37. Re3 Re8 38. Rd2 Rb8 39. Bb5 Kf6 40. Bf1 Ke7 41. Bb5 Rb6 42. Bf1 Rb8 43. Bb5 Rb6 44. Bf1 Rb8 1/2-1/2

[Event "NRW Class1 1011"]
[Site "Germany"]
[Date "2011.01.09"]
[Round "5.2"]
[White "Oswald, Hans Joachim"]
[Black "Eismont, Oleg"]
[Result "1/2-1/2"]
[WhiteElo "2295"]
[BlackElo "2311"]
[PlyCount "93"]
[EventDate "2010.09.26"]
[EventType "team-tourn"]
[EventRounds "9"]
[EventCountry "GER"]
[SourceTitle "EXT 2012"]
[Source "ChessBase"]
[SourceDate "2011.11.24"]
[SourceVersion "1"]
[SourceVersionDate "2011.11.24"]
[SourceQuality "1"]
[WhiteTeam "Letmathe"]
[BlackTeam "Dortmund Hansa II"]
[WhiteTeamCountry "GER"]
[BlackTeamCountry "GER"]

1. Nf3 Nf6 2. c4 b6 3. g3 e6 4. Bg2 Be7 5. 0-0 c6 6. b3 0-0 7. Bb2 d5 8. d3 Bb7 9. e3 c5 10. Ne5 Qc8 11. f4 dxc4 12. bxc4 Bxg2 13. Kxg2 Nc6 14. Nd2 Ne8 15. Qe2 f6 16. Nxc6 Qxc6+ 17. Qf3 Qxf3+ 18. Kxf3 Nd6 19. a4 Rfd8 20. Ke2 Rd7 21. Rfb1 Rad8 22. Nf3 Nb7 23. Ne1 Bd6 24. Bc3 Bc7 25. Ra3 Kf7 26. a5 Nxa5 27. Bxa5 bxa5 28. Nf3 Ke7 29. Nd2 Bb6 30. Rb5 h5 31. Rc3 Rd6 32. Ne4 Rc6 33. Ra3 Rd7 34. Nd2 Kd8 35. Rb1 Kc8 36. Nb3 Rb7 37. Nxa5 Bxa5 38. Rxb7 Kxb7 39. Rxa5 Ra6 40. Rxc5 Ra2+ 41. Kf3 Rxh2 42. d4 h4 43. gxh4 Rxh4 44. Rb5+ Kc7 45. Rc5+ Kb7 46. Rb5+ Kc7 47. Rc5+ 1/2-1/2

[Event "NRW Class1 0910"]
[Site "Germany"]
[Date "2010.01.31"]
[Round "6.2"]
[White "Oswald, Hans Joachim"]
[Black "Reinke, Markus"]
[Result "1/2-1/2"]
[WhiteElo "2308"]
[BlackElo "2192"]
[PlyCount "94"]
[EventDate "2009.09.20"]
[EventType "team-tourn"]
[EventRounds "9"]
[EventCountry "GER"]
[SourceTitle "EXT 2011"]
[Source "ChessBase"]
[SourceDate "2010.11.26"]
[SourceVersion "1"]
[SourceVersionDate "2010.11.26"]
[SourceQuality "1"]
[WhiteTeam "Letmathe"]
[BlackTeam "Rheydt"]
[WhiteTeamCountry "GER"]
[BlackTeamCountry "GER"]

1. Nf3 Nc6 2. c4 e5 3. Nc3 Nf6 4. g3 Nd4 5. Bg2 Nxf3+ 6. Bxf3 Bc5 7. e3 Qe7 8. 0-0 e4 9. Bg2 c6 10. d4 Bb6 11. c5 Ba5 12. Qc2 Bxc3 13. bxc3 b6 14. Ba3 Ba6 15. c4 b5 16. Rfc1 bxc4 17. Bf1 h5 18. h3 Qe6 19. Kg2 Qf5 20. Be2 Nd5 21. Qd1 Rh6 22. Bxc4 Bxc4 23. Rxc4 Rb8 24. Rc2 Ke7 25. Qe2 Rg6 26. Kh2 Nf6 27. Rg1 Nd5 28. Qa6 Nf6 29. Qe2 h4 30. g4 Qe6 31. Rb2 Rh8 32. Rb7 Nh7 33. Kg2 Qd5 34. Rxa7 Ng5 35. Rc1 f5 36. Qc4 Qxc4 37. Rxc4 fxg4 38. d5 gxh3+ 39. Kh2 Nf3+ 40. Kxh3 Ng1+ 41. Kh2 cxd5 42. c6+ Ke6 43. Rc1 Nf3+ 44. Kh3 Ng5+ 45. Kh2 Nf3+ 46. Kh3 Ng5+ 47. Kh2 Nf3+ 1/2-1/2

[Event "NRW Class1 0910"]
[Site "Germany"]
[Date "2010.01.10"]
[Round "5.2"]
[White "Van Gool, Henk"]
[Black "Oswald, Hans Joachim"]
[Result "0-1"]
[WhiteElo "2164"]
[BlackElo "2308"]
[PlyCount "110"]
[EventDate "2009.09.20"]
[EventType "team-tourn"]
[EventRounds "9"]
[EventCountry "GER"]
[SourceTitle "EXT 2011"]
[Source "ChessBase"]
[SourceDate "2010.11.26"]
[SourceVersion "1"]
[SourceVersionDate "2010.11.26"]
[SourceQuality "1"]
[WhiteTeam "Krefeld Turm"]
[BlackTeam "Letmathe"]
[WhiteTeamCountry "GER"]
[BlackTeamCountry "GER"]

1. d4 Nf6 2. Nf3 g6 3. Nbd2 Bg7 4. e4 d6 5. Bd3 0-0 6. 0-0 c5 7. dxc5 dxc5 8. Qe2 Nc6 9. c3 Nh5 10. Bc2 e5 11. Nc4 Qe7 12. Re1 Be6 13. g3 Rad8 14. Ne3 h6 15. Nh4 Nf6 16. Kh1 Kh7 17. f3 b6 18. Rg1 Rfe8 19. g4 Kh8 20. Qg2 Nh7 21. Nhf5 Qf6 22. Nxg7 Kxg7 23. Rf1 Ng5 24. h4 Nh7 25. Qg3 Rh8 26. Rg1 Ne7 27. Qh3 Ng5 28. Qg3 Qxf3+ 29. Kh2 Qxg3+ 30. Kxg3 Nh7 31. Kf3 Nf6 32. Nf5+ Nxf5 33. gxf5 Bc8 34. Be3 Kh7 35. Raf1 gxf5 36. exf5 Bb7+ 37. Kg3 Rhg8+ 38. Kh3 Rxg1 39. Rxg1 Be4 40. Bxe4 Nxe4 41. Re1 Rd3 42. Kg2 Nd6 43. f6 Kg6 44. h5+ Kxh5 45. Rh1+ Kg4 46. Bxh6 Rg3+ 47. Kf1 Rf3+ 48. Ke1 Rxf6 49. Bc1 Re6 50. Rh7 Kf3 51. Bh6 f5 52. Bf8 Nc4 53. b3 Ne3 54. Kd2 f4 55. Rxa7 e4 0-1

[Event "NRW Class1 0809"]
[Site "Germany"]
[Date "2009.03.22"]
[Round "8.3"]
[White "Oswald, Hans Joachim"]
[Black "Van den Berg, Bram"]
[Result "1/2-1/2"]
[WhiteElo "2309"]
[BlackElo "2204"]
[PlyCount "82"]
[EventDate "2008.09.21"]
[EventType "team-tourn"]
[EventRounds "9"]
[EventCountry "GER"]
[SourceTitle "EXT 2010"]
[Source "ChessBase"]
[SourceDate "2010.11.25"]
[SourceVersion "1"]
[SourceVersionDate "2010.11.25"]
[SourceQuality "1"]
[WhiteTeam "Letmathe"]
[BlackTeam "Kleve Turm"]
[WhiteTeamCountry "GER"]
[BlackTeamCountry "GER"]

1. Nf3 g6 2. c4 Bg7 3. g3 e5 4. Nc3 Nc6 5. Bg2 d6 6. d3 f5 7. 0-0 Nf6 8. Rb1 a5 9. a3 0-0 10. b4 axb4 11. axb4 h6 12. b5 Ne7 13. Bb2 Rb8 14. Qb3 Be6 15. Nd2 g5 16. Nd5 Kh8 17. Bc3 h5 18. Nxe7 Qxe7 19. Ra1 h4 20. Ra7 b6 21. Rfa1 hxg3 22. hxg3 f4 23. Ra8 fxg3 24. fxg3 Rxa8 25. Rxa8 Rxa8 26. Bxa8 Nh5 27. Ne4 Qf8 28. Bd5 Bh3 29. Qd1 Bh6 30. Qe1 Bf5 31. Qf2 g4 32. Nd2 Kg7 33. Kg2 Kg6 34. Nf1 Nf6 35. e4 Bd7 36. Ne3 Qh8 37. Be1 Bg5 38. Bb7 Nh5 39. Bd5 Qh7 40. Nf5 Nf6 41. Bc6 Be6 1/2-1/2

[Event "NRW Class1 0809"]
[Site "Germany"]
[Date "2008.09.21"]
[Round "1.3"]
[White "Oswald, Hans Joachim"]
[Black "Schippan, Bernhard"]
[Result "1-0"]
[WhiteElo "2309"]
[BlackElo "2341"]
[PlyCount "77"]
[EventDate "2008.09.21"]
[EventType "team-tourn"]
[EventRounds "9"]
[EventCountry "GER"]
[SourceTitle "EXT 2010"]
[Source "ChessBase"]
[SourceDate "2010.11.25"]
[SourceVersion "1"]
[SourceVersionDate "2010.11.25"]
[SourceQuality "1"]
[WhiteTeam "Letmathe"]
[BlackTeam "Sodingen"]
[WhiteTeamCountry "GER"]
[BlackTeamCountry "GER"]

1. Nf3 f5 2. c4 Nf6 3. g3 g6 4. Bg2 Bg7 5. 0-0 0-0 6. Nc3 d6 7. d3 a5 8. Rb1 Nc6 9. a3 Nh5 10. Bd2 f4 11. b4 axb4 12. axb4 fxg3 13. hxg3 Bg4 14. b5 Nd4 15. Nh2 Bc8 16. e3 Ne6 17. d4 Qd7 18. Nd5 Nd8 19. Ra1 Rxa1 20. Qxa1 e6 21. Nc3 Nf7 22. Qa7 e5 23. Ne4 Qe8 24. d5 Nf6 25. Nxf6+ Bxf6 26. e4 Qd8 27. b6 cxb6 28. Rb1 Qc7 29. Bf1 Ng5 30. Bxg5 Bxg5 31. Qxb6 Qf7 32. Rb2 Bc1 33. Ra2 Qe7 34. c5 dxc5 35. d6 Qe8 36. Qxc5 Bg5 37. Ra8 Bf6 38. Ng4 Bg7 39. Bb5 1-0

[Event "NRW Class1 0708"]
[Site "Germany"]
[Date "2007.09.16"]
[Round "1.3"]
[White "Oswald, Hans Joachim"]
[Black "Muhren, Bianca"]
[Result "1/2-1/2"]
[WhiteElo "2296"]
[BlackElo "2334"]
[PlyCount "135"]
[EventDate "2007.09.16"]
[EventType "team"]
[EventRounds "9"]
[EventCountry "GER"]
[SourceTitle "EXT 2009"]
[Source "ChessBase"]
[SourceDate "2008.11.26"]
[SourceVersion "1"]
[SourceVersionDate "2008.11.26"]
[SourceQuality "1"]
[WhiteTeam "Plettenberg"]
[BlackTeam "Castrop Rauxel"]
[WhiteTeamCountry "GER"]
[BlackTeamCountry "GER"]

1. Nf3 d5 2. d4 Nf6 3. Bg5 c6 4. c3 Bf5 5. Nbd2 h6 6. Bxf6 exf6 7. g3 Bd6 8. Bg2 0-0 9. 0-0 Re8 10. Re1 Bh7 11. Qb3 Qb6 12. a4 Nd7 13. a5 Qxb3 14. Nxb3 a6 15. Nfd2 Re7 16. Nc1 Rae8 17. Kf1 Nf8 18. b4 Ne6 19. Nd3 Nc7 20. Nc5 Nb5 21. Rac1 Na3 22. Bf3 Kf8 23. e3 Bf5 24. Kg2 g5 25. Bd1 Bg6 26. c4 dxc4 27. Nxc4 Nxc4 28. Rxc4 f5 29. Bc2 Kg7 30. Rd1 f4 31. Bxg6 Kxg6 32. exf4 gxf4 33. d5 Bxc5 34. Rxc5 fxg3 35. hxg3 Rd7 36. Rd4 f5 37. g4 Red8 38. gxf5+ Kf6 39. Rh4 Kg5 40. dxc6 Kxh4 41. cxd7 Rxd7 42. b5 axb5 43. Rxb5 Kg4 44. f6 Rf7 45. Rb6 Kg5 46. Kg3 Kg6 47. f3 Kg5 48. f4+ Kf5 49. Kf3 Rc7 50. f7 Rxf7 51. Rxh6 Rc7 52. Rh5+ Kf6 53. Rb5 Re7 54. Rb3 Rc7 55. Rb5 Re7 56. Kg4 Rg7+ 57. Rg5 Rc7 58. Rf5+ Ke6 59. Rb5 Rg7+ 60. Rg5 Rc7 61. Rg6+ Kf7 62. Rb6 Kf8 63. Rb5 Ke7 64. Kg5 Kf7 65. f5 Kg7 66. Rb6 Kf7 67. Rh6 Kg8 68. f6 1/2-1/2

[Event "Oberliga NRW 0506"]
[Site "Germany"]
[Date "2006.05.07"]
[Round "9.4"]
[White "Oswald, Hans Joachim"]
[Black "Mueller, Michael"]
[Result "1/2-1/2"]
[WhiteElo "2305"]
[BlackElo "2234"]
[PlyCount "91"]
[EventDate "2005.09.25"]
[EventType "team-tourn"]
[EventRounds "9"]
[EventCountry "GER"]
[SourceTitle "EXT 2007"]
[Source "ChessBase"]
[SourceDate "2006.11.23"]
[SourceVersion "1"]
[SourceVersionDate "2006.11.23"]
[SourceQuality "1"]
[WhiteTeam "Plettenberg"]
[BlackTeam "Lippstadt Turm"]
[WhiteTeamCountry "GER"]
[BlackTeamCountry "GER"]

1. Nf3 d5 2. d4 Bf5 3. Bf4 e6 4. e3 Bd6 5. Ne5 f6 6. Nd3 Ne7 7. Nd2 0-0 8. Bg3 Na6 9. c3 c6 10. Be2 Rc8 11. 0-0 Bxg3 12. hxg3 Qd6 13. Qb3 Rc7 14. Rad1 c5 15. Nxc5 Nxc5 16. dxc5 Qxc5 17. Rfe1 Bg6 18. e4 Bf7 19. exd5 Nxd5 20. Ne4 Qc6 21. c4 Nb6 22. Nd6 Qa4 23. Bf3 e5 24. Qxa4 Nxa4 25. b3 Nc5 26. Nb5 Re7 27. Nxa7 Ra8 28. Nb5 Rxa2 29. Rd8+ Re8 30. Rxe8+ Bxe8 31. Nd6 Bc6 32. Bxc6 bxc6 33. Rb1 Rd2 34. Nf5 Kf7 35. b4 Nd7 36. Ne3 Ke6 37. Kf1 Ra2 38. g4 g6 39. c5 e4 40. Rd1 Ne5 41. Rd6+ Ke7 42. Rd4 Ra1+ 43. Ke2 Ra2+ 44. Kf1 Ra1+ 45. Ke2 Ra2+ 46. Kf1 1/2-1/2

[Event "NRW Class2 0405"]
[Site "Germany"]
[Date "2005.04.24"]
[Round "9.4"]
[White "Oswald, Hans Joachim"]
[Black "Rosen, Willy"]
[Result "1/2-1/2"]
[WhiteElo "2298"]
[BlackElo "2306"]
[PlyCount "47"]
[EventDate "2004.10.10"]
[EventType "team"]
[EventRounds "9"]
[EventCountry "GER"]
[SourceTitle "EXT 2006"]
[Source "ChessBase"]
[SourceDate "2005.11.24"]
[SourceVersion "1"]
[SourceVersionDate "2005.11.24"]
[SourceQuality "1"]
[WhiteTeam "Plettenberg"]
[BlackTeam "Katernberg II"]
[WhiteTeamCountry "GER"]
[BlackTeamCountry "GER"]

1. Nf3 Nf6 2. c4 e6 3. g3 b6 4. Bg2 Bb7 5. 0-0 Be7 6. d3 d5 7. b3 0-0 8. Bb2 Nbd7 9. Na3 Re8 10. Nc2 c5 11. e3 Qc7 12. Qe2 Bf8 13. Rac1 a6 14. Rfd1 b5 15. a3 Qb6 16. Rb1 Bc6 17. Ne5 Nxe5 18. Bxe5 Nd7 19. Ba1 Rab8 20. cxd5 Bxd5 21. e4 Bb7 22. Ne3 Rbd8 23. f4 Nb8 24. Ng4 1/2-1/2

[Event "NRW Class1 0304"]
[Site "Germany"]
[Date "2004.03.28"]
[Round "8.2"]
[White "Oswald, Hans Joachim"]
[Black "Haves, Reinhard"]
[Result "1/2-1/2"]
[WhiteElo "2299"]
[BlackElo "2177"]
[PlyCount "45"]
[EventDate "2003.09.28"]
[EventType "team"]
[EventRounds "9"]
[EventCountry "GER"]
[SourceTitle "CBM 098 Extra"]
[Source "ChessBase"]
[SourceDate "2004.03.10"]
[SourceVersion "2"]
[SourceVersionDate "2004.03.10"]
[SourceQuality "1"]
[WhiteTeam "Letmathe"]
[BlackTeam "Westbevern"]
[WhiteTeamCountry "GER"]
[BlackTeamCountry "GER"]

1. Nf3 d6 2. c4 g6 3. g3 Bg7 4. Bg2 e5 5. Nc3 Nf6 6. 0-0 0-0 7. d3 Re8 8. Bg5 h6 9. Bxf6 Bxf6 10. Rb1 Bg7 11. b4 Nd7 12. Qc2 Nf6 13. Nd2 h5 14. h4 Rb8 15. b5 Bh6 16. Rfd1 Kg7 17. Nf3 Bf5 18. e4 Bg4 19. Re1 Nd7 20. Nd5 Nc5 21. Ne3 Bxf3 22. Bxf3 Ne6 23. Bg2 1/2-1/2

[Event "NRW Class1 0304"]
[Site "Germany"]
[Date "2003.10.12"]
[Round "2.2"]
[White "Oswald, Hans Joachim"]
[Black "Haskelman, Evgen"]
[Result "1-0"]
[WhiteElo "2299"]
[BlackElo "2199"]
[PlyCount "81"]
[EventDate "2003.09.28"]
[EventType "team"]
[EventRounds "9"]
[EventCountry "GER"]
[SourceTitle "CBM 098 Extra"]
[Source "ChessBase"]
[SourceDate "2004.03.10"]
[SourceVersion "2"]
[SourceVersionDate "2004.03.10"]
[SourceQuality "1"]
[WhiteTeam "Letmathe"]
[BlackTeam "Koeln Brueck"]
[WhiteTeamCountry "GER"]
[BlackTeamCountry "GER"]

1. Nf3 e6 2. c4 f5 3. g3 Nf6 4. Bg2 d5 5. 0-0 Bd6 6. d3 c5 7. d4 Nc6 8. cxd5 Nxd5 9. dxc5 Bxc5 10. a3 0-0 11. Qc2 Qb6 12. Nbd2 Bd7 13. Nc4 Qc7 14. b4 Be7 15. Bb2 b5 16. Ncd2 Rac8 17. Rfc1 Qb6 18. Qd3 Rfd8 19. e4 Nf6 20. exf5 Ng4 21. Qe2 exf5 22. h3 Re8 23. hxg4 Bf6 24. Qd3 Bxb2 25. Qxd7 Rcd8 26. Qxc6 Qxc6 27. Rxc6 Bxa1 28. gxf5 Bb2 29. Ra6 Re7 30. Bf1 Rd5 31. Ra5 Rxf5 32. Bxb5 Kf8 33. Bd3 Rxa5 34. bxa5 Bxa3 35. Bxh7 Rd7 36. Nc4 a6 37. Nxa3 Rd5 38. Nc4 Ke7 39. Be4 Rc5 40. Nfd2 Kf6 41. Bb7 1-0

[Event "BL2-West 0001"]
[Site "Germany"]
[Date "2001.03.11"]
[Round "7.6"]
[White "Oswald, Hans Joachim"]
[Black "Spacek, Petr"]
[Result "0-1"]
[WhiteElo "2292"]
[BlackElo "2390"]
[PlyCount "76"]
[EventDate "2000.10.15"]
[EventType "team-tourn"]
[EventRounds "9"]
[EventCountry "GER"]
[SourceTitle "CBM 082 Extra"]
[Source "ChessBase"]
[SourceDate "2001.07.03"]
[SourceVersion "1"]
[SourceVersionDate "2001.07.03"]
[SourceQuality "1"]
[WhiteTeam "Plettenberg"]
[BlackTeam "Bann"]
[WhiteTeamCountry "GER"]
[BlackTeamCountry "GER"]

1. Nf3 c5 2. c3 Nf6 3. d4 e6 4. e3 d5 5. Bd3 Nbd7 6. Ne5 Nxe5 7. dxe5 Nd7 8. f4 c4 9. Be2 Bc5 10. 0-0 f6 11. Kh1 fxe5 12. e4 Nf6 13. exd5 exd5 14. fxe5 Ne4 15. Bh5+ g6 16. Bf3 Be6 17. Qe1 0-0 18. Nd2 Ng5 19. b3 b5 20. b4 Bb6 21. a4 bxa4 22. Rxa4 Rc8 23. Qg3 Ne4 24. Bxe4 dxe4 25. Rxf8+ Qxf8 26. Qe1 Bd5 27. Nf1 Qe8 28. Ra1 Qxe5 29. Be3 Bf7 30. Bxb6 axb6 31. Ne3 Rd8 32. Ng4 Qf4 33. h3 h5 34. Ne3 Rd3 35. Ra8+ Kg7 36. Nf1 e3 37. Ra7 Qf6 38. Ra1 Bd5 0-1

[Event "BL2-West 0001"]
[Site "Germany"]
[Date "2000.12.10"]
[Round "3.6"]
[White "Oswald, Hans Joachim"]
[Black "Begnis, Nikolaos"]
[Result "1/2-1/2"]
[WhiteElo "2292"]
[BlackElo "2261"]
[PlyCount "73"]
[EventDate "2000.10.15"]
[EventType "team-tourn"]
[EventRounds "9"]
[EventCountry "GER"]
[SourceTitle "CBM 082 Extra"]
[Source "ChessBase"]
[SourceDate "2001.07.03"]
[SourceVersion "1"]
[SourceVersionDate "2001.07.03"]
[SourceQuality "1"]
[WhiteTeam "Plettenberg"]
[BlackTeam "Aachen"]
[WhiteTeamCountry "GER"]
[BlackTeamCountry "GER"]

1. Nf3 Nf6 2. c4 g6 3. g3 Bg7 4. Bg2 0-0 5. 0-0 d6 6. Nc3 e5 7. d3 h6 8. Rb1 a5 9. a3 c6 10. b4 axb4 11. axb4 Qe7 12. Ne1 Be6 13. Qb3 Na6 14. Nc2 Rfc8 15. b5 Nc5 16. Qb4 Bf8 17. f4 Ne8 18. Ne3 Qd7 19. Qb2 Bg7 20. Qc2 f5 21. Kh1 Bf7 22. Bd2 Nc7 23. bxc6 bxc6 24. fxe5 dxe5 25. Rb6 N7e6 26. Rfb1 Nd4 27. Qd1 Qc7 28. Nc2 Rab8 29. Rxb8 Rxb8 30. Rxb8+ Qxb8 31. Nxd4 exd4 32. Na2 Qb3 33. Qxb3 Nxb3 34. Bb4 c5 35. Ba3 Bf8 36. Bc6 Na5 37. Ba4 1/2-1/2

[Event "Bayern-chI Bank Hofmann 4th"]
[Site "Bad Wiessee"]
[Date "2000.11.01"]
[Round "5"]
[White "Schweiger, Georg"]
[Black "Oswald, Hans Joachim"]
[Result "1/2-1/2"]
[WhiteElo "2149"]
[BlackElo "2292"]
[PlyCount "31"]
[EventDate "2000.10.28"]
[EventType "swiss"]
[EventRounds "9"]
[EventCountry "GER"]
[SourceTitle "EXT 2003"]
[Source "ChessBase"]
[SourceDate "2002.11.25"]
[SourceVersion "1"]
[SourceVersionDate "2002.11.25"]
[SourceQuality "1"]

1. e4 d5 2. exd5 Nf6 3. Bb5+ Bd7 4. Be2 Nxd5 5. d4 Bf5 6. Nf3 e6 7. 0-0 Be7 8. a3 0-0 9. c4 Nb6 10. Nc3 Nc6 11. h3 h6 12. Be3 Bf6 13. b4 a6 14. Ra2 Re8 15. Rd2 Qe7 16. Qc1 1/2-1/2